000 00394nam a2200145Ia 4500
008 230917s9999||||xx |||||||||||||| ||und||
040 _e56974
_aMAIN
041 _aEnglish
082 _a320.954 M691P
100 _aMisra, K P, ed.
245 0 _aPolitics of Persuasion: Essays written in memory of Dr. G N Dhawan
260 _aBombay
_bManaktalas
_c1967
300 _axi, 348 p.
942 _cBK
999 _c106369
_d106369